Obchodné tendre ako nástroj dosiahnutia dobrej nákupnej ceny v biznis marketingu diplomová práca

Guardado en:
Detalles Bibliográficos
Autor principal: Repka, Patrik
Autor Corporativo: Obchodná fakulta EU. Katedra marketingu
Otros Autores: Oreský, Milan, 1956-
Formato: Libro
Lenguaje:eslovaco
Publicado: Bratislava 2024
Etiquetas: Agregar Etiqueta
Sin Etiquetas, Sea el primero en etiquetar este registro!

MARC

LEADER 00000nbm a2200000 4500
001 0302406
005 20241206152732.9
041 0 |a slo 
044 |a SK 
245 1 0 |a Obchodné tendre ako nástroj dosiahnutia dobrej nákupnej ceny v biznis marketingu  |b diplomová práca  |c Patrik Repka ; školiteľ: Milan Oreský 
264 1 |a Bratislava  |c 2024 
300 |a 60 s. 
100 1 |a Repka, Patrik 
700 1 |a Oreský, Milan, 1956- 
710 2 |a Obchodná fakulta EU. Katedra marketingu